|
|
|
|
| LEADER |
00000nkm a2200000 a 4500 |
| 001 |
vtls011888059 |
| 003 |
SK-MaSNL |
| 005 |
20260512124826.0 |
| 007 |
kp ho |
| 008 |
231120q1920 xr g kucze |
| 015 |
|
|
|a SNBG
|
| 035 |
|
|
|a urn:nbn:sk:snk-km00ef6m
|
| 035 |
|
|
|a urn:nbn:sk:snk-km43dtx
|
| 035 |
|
|
|a 7E98A73F-9811-4952-9300-01271EEBFF6B
|
| 040 |
|
|
|a SNK
|b slo
|c SNK
|e AACR2
|
| 041 |
0 |
|
|a cze
|
| 043 |
|
|
|a e-xo---
|
| 044 |
|
|
|a xr
|c CZ
|
| 072 |
|
7 |
|a 913
|x Regionálna geografia
|2 konspekt
|
| 080 |
|
|
|a 913(437.6)
|2 2011
|
| 080 |
|
|
|a 711.73
|2 2011
|
| 080 |
|
|
|a (084.121)
|2 2011
|
| 080 |
|
|
|a 728.3
|2 2011
|
| 080 |
|
|
|a 355.711
|2 2011
|
| 080 |
|
|
|a 664.71
|2 2011
|
| 080 |
|
|
|a 726.95
|2 2011
|
| 245 |
0 |
0 |
|a Nitra
|h grafika
|b Část celkového pohledu
|
| 260 |
|
|
|a [Praha]
|b JKO Trade Mark
|c [medzi 1920 a 1929?]
|
| 300 |
|
|
|a 1 pohľadnica
|b kolorovaná
|c 9 x 15 cm
|
| 500 |
|
|
|a Názvové údaje prevzaté z obrazovej časti pohľadnice
|
| 520 |
8 |
|
|a Zobrazenie: Pohľad v bielom orámovaní na mesto z výšky, sponad dnešnej Piaristickej ulice vľavo na rodinné domy a listnaté stromy medzi nimi. V pozadí vidno vpravo objekt kasární - dnešná tržnica a vľavo od nich sú mlyny. V diaľke za budovami mesta vidno kopec dnešnej kalvárie. Nad mestom je do záberu namaľované litadlo
|
| 650 |
0 |
7 |
|a ulice
|2 SNKPH
|9 2938
|
| 650 |
0 |
7 |
|a rodinné domy
|2 SNKPH
|9 2984
|
| 650 |
0 |
7 |
|a kasárne
|2 SNKPH
|9 29949
|
| 650 |
0 |
7 |
|a mlyny
|2 SNKPH
|9 29840
|
| 650 |
0 |
7 |
|a kalvárie
|2 SNKPH
|9 3025
|
| 651 |
|
7 |
|a Nitra (Slovensko)
|2 SNKPHgeo
|9 15714
|
| 655 |
|
7 |
|a miestne pohľadnice
|2 SNKPH
|9 70510
|
| 852 |
|
|
|a Slovenská národná knižnica
|
| 954 |
|
|
|a pohľadnice pôvodné (slovenské)
|2 lita
|
| 954 |
|
|
|a pohľadnice cudzojazyčné (svetové)
|2 lita
|
| 958 |
|
|
|a OND
|
| 958 |
|
|
|a GBN
|
| 958 |
|
|
|a GC
|
| 958 |
|
|
|a EUIPO
|
| 999 |
|
|
|c 948499
|d 950429
|
| 952 |
|
|
|a SNK
|b SNK
|y PREZ
|7 0
|p 17A1381998
|o snkSP 77733
|z Pohľadnica prešla poštou.
|0 0
|1 0
|4 0
|d 2019-09-19
|f 1
|l 0
|r 2026-02-24 09:40:36
|w 2026-02-24
|